000 00585nam a2200193Ia 4500
999 _c3781
_d3781
003 OSt
005 20200907133810.0
008 190216s9999||||xx |||||||||||||| ||und||
020 _a9788185015712
040 _coclc
082 _a536.7
_bSEA/T
100 _aSears, Francis W
_94449
245 0 _aThermodynamics, Kinetic Theory And Statistical Thermodynamics /
_cFrancis W Sears ; G L Salinger
250 _a3rd Ed.
260 _bNarosa Publishing,
_c1998.
_aNew Delhi:
300 _a454p
650 _aChemistry
942 _cBK
_2ddc
_h536.7
_iSEA/T
_k536.7
_mEA/T